| 000 | 00572 a2200169 4500 | ||
|---|---|---|---|
| 020 | _a0582522773 | ||
| 020 | _a9780582522770 | ||
| 090 |
_c1591 _d1591 |
||
| 100 | 1 | _aClose, R.A. | |
| 245 | 1 | 2 |
_aA reference grammar for students of english / _cR.A. Close. |
| 260 |
_a[S.l.] : _bLongman, _c1975. |
||
| 300 |
_a356 p. ; _c24 cm. |
||
| 500 | _aPaperback. | ||
| 856 | 4 | 0 |
_3Amazon.com _uhttp://www.amazon.com/exec/obidos/ASIN/0582522773/chopaconline-20 |
| 856 | 4 | 0 |
_3Amazon customer reviews _uhttp://www.chopac.org/cgi-bin/tools/azrev.pl?q=0582522773 |
| 942 |
_aNBS _cBK _k427 CLO |
||
| 999 |
_c344109 _d344109 |
||